| 000 | 00813cam a22002773a 4500 | ||
|---|---|---|---|
| 001 | 5631 | ||
| 003 | PGUSA | ||
| 005 | 20140828083122.0 | ||
| 008 | 040501s2004||||xxu|||||s|||||000 1 eng d | ||
| 040 |
_aPGUSA _beng |
||
| 042 | _adc | ||
| 050 | 4 | _aPZ | |
| 050 | 4 | _aPS | |
| 100 | 1 |
_aWells, Carolyn, _d1862-1942 |
|
| 245 | 1 | 0 |
_aPatty's Suitors _h[electronic resource] / _cCarolyn Wells |
| 260 |
_bProject Gutenberg, _c2004 |
||
| 506 | _aPublic domain in the USA. | ||
| 516 | _aElectronic text | ||
| 653 | _aFirst loves -- Juvenile fiction | ||
| 653 | _aTeasing -- Juvenile fiction | ||
| 653 | _aInterpersonal attraction -- Juvenile fiction | ||
| 653 | _aDating (Social customs) -- Juvenile fiction | ||
| 830 | 0 |
_aProject Gutenberg _v5631 |
|
| 856 | 4 | 0 | _uhttp://www.gutenberg.org/ebooks/5631 |
| 942 | _cEB | ||
| 999 |
_c234959 _d234959 |
||